000 00562cam a2200145 4500500
005 20260111093500.0
041 _afre
042 _adc
100 1 0 _aMiossec, Alain
_eauthor
245 0 0 _aNuma Broc, Une histoire de la géographie physique en France (2 volumes 2010), Presses Universitaires de Perpignan – 2010, 716 pages, 35 €
260 _c2017.
500 _a56
786 0 _nLa Géographie | 1566 | 3 | 2017-07-03 | p. 53k-60k | 1964-9002
856 4 1 _uhttps://shs.cairn.info/revue-la-geographie-2017-3-page-53k?lang=fr&redirect-ssocas=7080
999 _c1626472
_d1626472